<?xml version="1.0" encoding="UTF-8"?>
<record
    xmlns:xsi="http://www.w3.org/2001/XMLSchema-instance"
    xsi:schemaLocation="http://www.loc.gov/MARC21/slim http://www.loc.gov/standards/marcxml/schema/MARC21slim.xsd"
    xmlns="http://www.loc.gov/MARC21/slim">

  <leader>01827nam a22003377a 4500</leader>
  <controlfield tag="003">OSt</controlfield>
  <controlfield tag="005">20260507095921.0</controlfield>
  <controlfield tag="008">250908b        |||||||| |||| 00| 0 eng d</controlfield>
  <datafield tag="020" ind1=" " ind2=" ">
    <subfield code="a">9786210403817</subfield>
  </datafield>
  <datafield tag="040" ind1=" " ind2=" ">
    <subfield code="c">Foundation University</subfield>
  </datafield>
  <datafield tag="050" ind1=" " ind2=" ">
    <subfield code="a">G 155.7</subfield>
    <subfield code="b">.2021 H47</subfield>
  </datafield>
  <datafield tag="100" ind1=" " ind2=" ">
    <subfield code="a">Herrera, Maricel D.</subfield>
    <subfield code="e">author</subfield>
    <subfield code="9">12191</subfield>
  </datafield>
  <datafield tag="245" ind1=" " ind2=" ">
    <subfield code="a">Tour and travel management /</subfield>
    <subfield code="c">Maricel D. Herrera, Ph.D., Ferdinand Dondi C. Ocampo and Luzviminda O. Tugade, CGSP</subfield>
  </datafield>
  <datafield tag="250" ind1=" " ind2=" ">
    <subfield code="a">2021 edition</subfield>
  </datafield>
  <datafield tag="260" ind1=" " ind2=" ">
    <subfield code="a">Manila, Philippines :</subfield>
    <subfield code="b">REX Book Store,</subfield>
    <subfield code="c">2021.</subfield>
  </datafield>
  <datafield tag="264" ind1=" " ind2=" ">
    <subfield code="4">2021</subfield>
  </datafield>
  <datafield tag="300" ind1=" " ind2=" ">
    <subfield code="a">xii, 241 pages :</subfield>
    <subfield code="b">illustrations ;</subfield>
    <subfield code="c">25cm.</subfield>
    <subfield code="3">pages</subfield>
    <subfield code="f">pages</subfield>
  </datafield>
  <datafield tag="336" ind1=" " ind2=" ">
    <subfield code="a">text</subfield>
    <subfield code="b">txt</subfield>
  </datafield>
  <datafield tag="337" ind1=" " ind2=" ">
    <subfield code="a">unmediated</subfield>
    <subfield code="b">n</subfield>
  </datafield>
  <datafield tag="338" ind1=" " ind2=" ">
    <subfield code="3">rdacarrier</subfield>
    <subfield code="a">paper</subfield>
    <subfield code="b">nc</subfield>
  </datafield>
  <datafield tag="490" ind1=" " ind2=" ">
    <subfield code="a">HRM-TOURISM series</subfield>
  </datafield>
  <datafield tag="500" ind1=" " ind2=" ">
    <subfield code="a">Travel agency performs a substantial and essential function in the complete process of advancing and advocating tourism in the country or at a destination. Given this role, writing a book about the subject matter becomes a significant task for the authors. The book, Tour and Travel Management, elucidates the different travel agency operations concepts efficiently. It makes it simpler for not only tourism management students but also working professionals to understand the subject.</subfield>
  </datafield>
  <datafield tag="504" ind1=" " ind2=" ">
    <subfield code="a">Includes bibliographical references, appendixes and index.</subfield>
  </datafield>
  <datafield tag="650" ind1=" " ind2=" ">
    <subfield code="2">LC</subfield>
    <subfield code="a">Tourism industry</subfield>
    <subfield code="z">Philippines.</subfield>
    <subfield code="9">12187</subfield>
  </datafield>
  <datafield tag="650" ind1=" " ind2=" ">
    <subfield code="2">LC</subfield>
    <subfield code="a">Travel industry</subfield>
    <subfield code="9">7008</subfield>
  </datafield>
  <datafield tag="658" ind1=" " ind2=" ">
    <subfield code="b">Tour and Travel Management</subfield>
    <subfield code="c">TOUR 204</subfield>
  </datafield>
  <datafield tag="700" ind1=" " ind2=" ">
    <subfield code="a">Ocampo, Ferdinand Dondi C.,</subfield>
    <subfield code="e">author</subfield>
    <subfield code="9">12192</subfield>
  </datafield>
  <datafield tag="700" ind1=" " ind2=" ">
    <subfield code="a">Tugade, Luzviminda O.</subfield>
    <subfield code="e">author</subfield>
    <subfield code="9">12193</subfield>
  </datafield>
  <datafield tag="856" ind1=" " ind2=" ">
    <subfield code="u">https://drive.google.com/file/d/1zGhI0e2dQe2B_m0JFgWClr_SOD96D-SB/view?usp=sharing</subfield>
    <subfield code="y">Click here to view the table of content</subfield>
  </datafield>
  <datafield tag="942" ind1=" " ind2=" ">
    <subfield code="2">lcc</subfield>
    <subfield code="c">BK</subfield>
    <subfield code="e">2021 edition</subfield>
    <subfield code="h">G 155.7</subfield>
    <subfield code="i">.2021 H47</subfield>
    <subfield code="k">(CHM-TouMgt)</subfield>
    <subfield code="n">0</subfield>
  </datafield>
  <datafield tag="999" ind1=" " ind2=" ">
    <subfield code="c">4952</subfield>
    <subfield code="d">4952</subfield>
  </datafield>
  <datafield tag="952" ind1=" " ind2=" ">
    <subfield code="u">https://drive.google.com/file/d/1zGhI0e2dQe2B_m0JFgWClr_SOD96D-SB/view?usp=sharing</subfield>
    <subfield code="0">0</subfield>
    <subfield code="1">0</subfield>
    <subfield code="2">lcc</subfield>
    <subfield code="4">0</subfield>
    <subfield code="7">7</subfield>
    <subfield code="8">NFIC</subfield>
    <subfield code="a">FOUNDATION</subfield>
    <subfield code="b">FOUNDATION</subfield>
    <subfield code="c">MAIN-CHM</subfield>
    <subfield code="d">2025-09-08</subfield>
    <subfield code="l">1</subfield>
    <subfield code="m">4</subfield>
    <subfield code="o">(CHM-TouMgt) G 155.7 .2021 H47</subfield>
    <subfield code="p">0252026007001</subfield>
    <subfield code="q">2026-06-13</subfield>
    <subfield code="r">2026-01-13 15:32:00</subfield>
    <subfield code="s">2026-01-13</subfield>
    <subfield code="w">2025-09-08</subfield>
    <subfield code="y">BK</subfield>
    <subfield code="k">CHM-TouMgt-2026001</subfield>
  </datafield>
  <datafield tag="952" ind1=" " ind2=" ">
    <subfield code="u">https://drive.google.com/file/d/1zGhI0e2dQe2B_m0JFgWClr_SOD96D-SB/view?usp=sharing</subfield>
    <subfield code="0">0</subfield>
    <subfield code="1">0</subfield>
    <subfield code="2">lcc</subfield>
    <subfield code="4">0</subfield>
    <subfield code="7">4</subfield>
    <subfield code="8">NFIC</subfield>
    <subfield code="a">FOUNDATION</subfield>
    <subfield code="b">FOUNDATION</subfield>
    <subfield code="c">MAIN-CHM</subfield>
    <subfield code="d">2026-05-06</subfield>
    <subfield code="e">Library Budget</subfield>
    <subfield code="l">0</subfield>
    <subfield code="o">(CHM-TouMgt) G 155.7 .2021 H47 c.2</subfield>
    <subfield code="p">0252026007002</subfield>
    <subfield code="r">2026-05-06 14:52:00</subfield>
    <subfield code="w">2026-05-06</subfield>
    <subfield code="y">BK</subfield>
    <subfield code="k">CHM-TouMgt-2026002</subfield>
  </datafield>
  <datafield tag="952" ind1=" " ind2=" ">
    <subfield code="u">https://drive.google.com/file/d/1zGhI0e2dQe2B_m0JFgWClr_SOD96D-SB/view?usp=sharing</subfield>
    <subfield code="0">0</subfield>
    <subfield code="1">0</subfield>
    <subfield code="2">lcc</subfield>
    <subfield code="4">0</subfield>
    <subfield code="7">0</subfield>
    <subfield code="8">NFIC</subfield>
    <subfield code="a">FOUNDATION</subfield>
    <subfield code="b">FOUNDATION</subfield>
    <subfield code="c">MAIN-CHM</subfield>
    <subfield code="d">2026-05-06</subfield>
    <subfield code="e">Library Budget</subfield>
    <subfield code="l">0</subfield>
    <subfield code="o">(CHM-TouMgt) G 155.7 .2021 H47 c.3</subfield>
    <subfield code="p">0252026007003</subfield>
    <subfield code="r">2026-05-06 14:53:00</subfield>
    <subfield code="w">2026-05-06</subfield>
    <subfield code="y">BK</subfield>
    <subfield code="k">CHM-TouMgt-2026003</subfield>
  </datafield>
</record>
